00327nam a2200121Ia 4500003000400000008004100004020001100045040000800056100001900064245007200083260004000155300001000195LDD181101s9999 xx 000 0 und d c100.00 cLDD aMehfooz, Ahmad 0aShamsu-Rehman Farooqib shakhshiyat aur adbi khidmatcAhmad Mehfooz aNew DelhibMaktaba Jamia Lit.c1994 a196p.